000 00586nam a22001937a 4500
003 koha_MIRAKIL
005 20250603144536.0
008 250603b eng||||| |||| 00| 0 eng d
020 _a9780194644396
040 _aTR-IsEVY
_btur
_cTR-IsEVY
082 _a577 BLA/A
100 _aBladon, Rachel
245 0 _aAll about ocean life/
_cRachel Bladon.
260 _aOxford :
_bOxford University Press ,
_c2022.
300 _a[48 ] p.
_bcolour pictures ;
_c21 cm.
490 0 _aOxford Read and Discover ;
_v4.
650 _aEnglish Educations.
_vEcosystem.
_vOcean Life.
942 _2ddc
_cBK
999 _c22393
_d22393